[Event "XV C.to Mondiale seniores"]
[Site "Lignano Sabbiadoro ITA"]
[Date "2005.10.08"]
[Round "10"]
[White "Wagner, Carl E."]
[Black "Ljubarskij, Juri"]
[Result "1/2-1/2"]
[WhiteElo "2189"]
[BlackElo "2290"]
[PlyCount "125"]
[EventDate "2005.09.28"]

1. e4 e5 2. Bc4 Nc6 3. Nc3 Nf6 4. d3 Bc5 5. f4 d6 6. Nf3 O-O 7. Na4 Qe7 8. Nxc5
dxc5 9. O-O Bg4 10. a3 Rad8 11. h3 Bxf3 12. Qxf3 Nd4 13. Qf2 b5 14. Ba2 c4 15.
fxe5 Qxe5 16. Bf4 Qxf4 17. Qxf4 Ne2+ 18. Kh2 Nxf4 19. Rxf4 cxd3 20. cxd3 Rxd3
21. Rc1 Rd2 22. Rxc7 Rxb2 23. Bd5 a5 24. Rb7 b4 25. Rb5 bxa3 26. Rxa5 Rb4 27.
Rf3 Rd4 28. Rfxa3 Nxe4 29. Bxe4 Rxe4 30. Ra8 h5 31. Kg3 h4+ 32. Kf3 Rb4 33.
R8a7 Rfb8 34. Ra8 Rxa8 35. Rxa8+ Kh7 36. Ra7 f5 37. Ra5 g6 38. Ra3 Kh6 39. Rc3
Kg5 40. Ra3 Rf4+ 41. Ke3 Re4+ 42. Kf3 Kf6 43. Ra6+ Re6 44. Ra8 Rd6 45. Ra3 g5
46. Rb3 Rd4 47. Rb6+ Ke5 48. Rb5+ Rd5 49. Rb3 Rc5 50. Ra3 Kd4 51. Ra4+ Rc4 52.
Ra5 Rc3+ 53. Kf2 Ke4 54. Ra4+ Kd5 55. Ra6 g4 56. hxg4 fxg4 57. Ra5+ Rc5 58.
Rxc5+ Kxc5 59. Ke3 h3 60. gxh3 gxh3 61. Kf3 h2 62. Kg2 h1=Q+ 63. Kxh1 1/2-1/2

[Event "XV C.to Mondiale seniores"]
[Site "Lignano Sabbiadoro ITA"]
[Date "2005.10.08"]
[Round "10"]
[White "Zelkind, Eduard"]
[Black "Weinwurm, Wolfgang"]
[Result "1-0"]
[WhiteElo "2257"]
[BlackElo "2127"]
[PlyCount "89"]
[EventDate "2005.09.28"]

1. e4 e5 2. Nf3 Nc6 3. Bb5 f5 4. d4 fxe4 5. Nxe5 Nxe5 6. dxe5 c6 7. Be2 Qa5+ 8.
Bd2 Qxe5 9. c4 Nf6 10. Nc3 Bc5 11. Qc1 O-O 12. Nd1 d6 13. h3 Kh8 14. Be3 Be6
15. Bxc5 Qxc5 16. Qe3 Qb4+ 17. Qc3 Qxc3+ 18. Nxc3 a6 19. O-O b5 20. Rfd1 Rfd8
21. b3 d5 22. cxd5 cxd5 23. Rd4 Rac8 24. Nd1 Rc2 25. Kf1 Rdc8 26. a4 Bd7 27.
Ke1 Kg8 28. Ne3 Rb2 29. axb5 axb5 30. b4 Rc4 31. Bxc4 dxc4 32. Ra7 Be8 33. g4
h6 34. Nf5 Rxb4 35. Rxg7+ Kh8 36. Rc7 Rb1+ 37. Ke2 b4 38. Rd6 Ng8 39. Rc8 Kh7
40. Rxe8 c3 41. Rc8 Rb2+ 42. Ke3 c2 43. Rc7+ Kh8 44. Rd8 Rb3+ 45. Kd2 1-0

[Event "XV C.to Mondiale seniores"]
[Site "Lignano Sabbiadoro ITA"]
[Date "2005.10.08"]
[Round "10"]
[White "Zurel, Maxim"]
[Black "Belokopyt, Boris"]
[Result "1-0"]
[WhiteElo "1945"]
[BlackElo "2111"]
[PlyCount "87"]
[EventDate "2005.09.28"]

1. e4 c5 2. Nf3 Nc6 3. d4 cxd4 4. Nxd4 Nf6 5. Nc3 d6 6. Be2 g6 7. Be3 Bg7 8.
Nxc6 bxc6 9. e5 dxe5 10. Qxd8+ Kxd8 11. Rd1+ Kc7 12. Bc5 Rd8 13. O-O Bf5 14.
Bc4 Be6 15. Bxe6 fxe6 16. f3 Nd7 17. Ne4 Bf6 18. b3 Rdb8 19. Nxf6 Nxf6 20. Bxe7
Nd5 21. Bg5 Rf8 22. c4 Nf6 23. Rfe1 Nd7 24. Be7 Rf5 25. Re3 h5 26. Red3 Nb6 27.
Bd8+ Kb7 28. a4 a5 29. Rd6 e4 30. fxe4 Rf8 31. Bxb6 Kxb6 32. Rxe6 Rae8 33. Rdd6
Rxe6 34. Rxe6 Rd8 35. Rxg6 Rd3 36. Rg3 Rd2 37. Kf1 Kc5 38. e5 h4 39. Rf3 Rb2
40. Rd3 Rb1+ 41. Ke2 Rg1 42. Kf2 Rh1 43. e6 Rxh2 44. Kg1 1-0

[Event "XV C.to Mondiale seniores"]
[Site "Lignano Sabbiadoro ITA"]
[Date "2005.10.09"]
[Round "11"]
[White "Akopian, Gagik"]
[Black "Arkhangelsky, Boris"]
[Result "0-1"]
[WhiteElo "2258"]
[BlackElo "2384"]
[PlyCount "196"]
[EventDate "2005.09.28"]

1. e4 c5 2. Nf3 Nc6 3. d4 cxd4 4. Nxd4 Nf6 5. Nc3 d6 6. Be2 e5 7. Nb3 Be7 8.
O-O O-O 9. Kh1 a6 10. Be3 Be6 11. f4 exf4 12. Bxf4 Ne5 13. Nd4 Bc4 14. Nf5 Bxe2
15. Qxe2 Re8 16. Rad1 Qb6 17. Bg5 Bd8 18. Nxd6 Re6 19. Nc4 Nxc4 20. Qxc4 Ng4
21. Bxd8 Rxd8 22. Rxd8+ Qxd8 23. Qe2 Nf6 24. Qf3 h6 25. e5 Rxe5 26. Qxb7 a5 27.
Qf3 Qe8 28. h3 Re3 29. Qf5 Re5 30. Qd3 Qe6 31. a3 g6 32. Qd4 Nh5 33. Kh2 g5 34.
Qg4 Qg6 35. Rf2 Nf4 36. g3 Ne6 37. Rd2 h5 38. Qf3 g4 39. Qd3 Qh6 40. h4 Re3 41.
Qd6 Re1 42. Nd1 Qf6 43. Qd3 Qe5 44. Nc3 Qc5 45. Rg2 Nd4 46. Ne4 Nf3+ 47. Qxf3
gxf3 48. Nxc5 fxg2 49. Kxg2 Re2+ 50. Kf3 Rxc2 51. b4 Rc3+ 52. Kf4 Rxa3 53. bxa5
Rxa5 54. Nd3 Kg7 55. Kf3 Kf6 56. Nf4 Re5 57. Kf2 Rf5 58. Ke3 Ra5 59. Ke4 Rb5
60. Kf3 Re5 61. Kf2 Rf5 62. Ke3 Ke5 63. Nd3+ Kd5 64. Nf4+ Kd6 65. Ke4 Re5+ 66.
Kf3 Kc6 67. Kf2 Kb5 68. Nd3 Rf5+ 69. Ke3 Kc4 70. Ke4 Rf1 71. Nf4 Re1+ 72. Kf5
Kd4 73. Nxh5 Re5+ 74. Kg4 Ra5 75. Nf4 Ke4 76. h5 Ra8 77. Nh3 Ke5 78. h6 Rg8+
79. Ng5 Kf6 80. h7 Rh8 81. Kf4 Kg6 82. g4 Ra8 83. Nf3 Kxh7 84. Kf5 Kg7 85. g5
Ra1 86. Ne5 Rf1+ 87. Kg4 Kf8 88. Nd3 Ke7 89. Nf4 Ra1 90. Kf5 Ra5+ 91. Kg4 Kd6
92. g6 f6 93. Kf3 Ke7 94. Ke4 Re5+ 95. Kd4 Kf8 96. Kd3 Kg8 97. Kd4 Kg7 98. Kd3
f5 0-1

[Event "XV C.to Mondiale seniores"]
[Site "Lignano Sabbiadoro ITA"]
[Date "2005.10.09"]
[Round "11"]
[White "Asmundsson, Ingvar"]
[Black "Ousatchi, Mark"]
[Result "1/2-1/2"]
[WhiteElo "2299"]
[BlackElo "2169"]
[PlyCount "99"]
[EventDate "2005.09.28"]

1. f4 d5 2. Nf3 Nf6 3. e3 Bg4 4. b3 e6 5. Bb2 Nbd7 6. Be2 Bd6 7. Ne5 Bxe2 8.
Qxe2 O-O 9. O-O c6 10. d3 Qc7 11. Nxd7 Nxd7 12. Nd2 e5 13. g3 Rae8 14. f5 f6
15. e4 Bb4 16. c3 Ba5 17. Kh1 Rd8 18. b4 Bb6 19. Nb3 Qd6 20. a4 a6 21. Ba3 Rfe8
22. b5 Qb8 23. Rfb1 axb5 24. axb5 Qc7 25. bxc6 Qxc6 26. Bb4 Ra8 27. exd5 Qxd5+
28. Qe4 Qc6 29. Kg2 Qxe4+ 30. dxe4 Rxa1 31. Rxa1 Nb8 32. Ra8 Kf7 33. Ba5 Be3
34. Kf3 Bg1 35. Bc7 Na6 36. Rxe8 Kxe8 37. Bd6 b5 38. h4 g6 39. fxg6 hxg6 40. g4
Kf7 41. h5 Kg7 42. Be7 Nb8 43. Nc5 Bxc5 44. Bxc5 Nd7 45. Be3 Nf8 46. Kg3 Ne6
47. Kf3 gxh5 48. gxh5 Ng5+ 49. Bxg5 fxg5 50. Kg3 1/2-1/2

[Event "XV C.to Mondiale seniores"]
[Site "Lignano Sabbiadoro ITA"]
[Date "2005.10.09"]
[Round "11"]
[White "Belokopyt, Boris"]
[Black "Standal, Bard"]
[Result "0-1"]
[WhiteElo "2111"]
[BlackElo "1937"]
[PlyCount "80"]
[EventDate "2005.09.28"]

1. e4 c5 2. Nf3 d6 3. d4 cxd4 4. Nxd4 Nf6 5. Nc3 a6 6. Bg5 e6 7. f4 Be7 8. Qf3
Qc7 9. O-O-O Nbd7 10. Bd3 b5 11. Rhe1 Bb7 12. Nd5 exd5 13. exd5 Kf8 14. Nc6 Re8
15. Nxe7 Rxe7 16. Rxe7 Kxe7 17. Re1+ Kd8 18. Bf5 h6 19. Bh4 Re8 20. Rd1 Qc5 21.
Bf2 Qc7 22. Qg3 Qc4 23. b3 Qb4 24. Bd4 Nxd5 25. Qxg7 Re7 26. Kb2 Qa5 27. Qh8+
Kc7 28. Qxh6 b4 29. Bxd7 Rxd7 30. Rd3 Qa3+ 31. Kb1 Re7 32. Qh4 Re2 33. Bb2 Qa5
34. Qg3 Qc5 35. c4 Qg1+ 36. Bc1 Nc3+ 37. Rxc3 bxc3 38. Qxc3 Be4+ 39. Ka1 Rc2
40. Qa5+ Kd7 0-1

[Event "XV C.to Mondiale seniores"]
[Site "Lignano Sabbiadoro ITA"]
[Date "2005.10.09"]
[Round "11"]
[White "Beltrami, Nerio"]
[Black "Davydov, Mikhail"]
[Result "0-1"]
[WhiteElo "2045"]
[BlackElo "2144"]
[PlyCount "74"]
[EventDate "2005.09.28"]

1. e4 c6 2. Nf3 d5 3. Nc3 dxe4 4. Nxe4 Nd7 5. Bc4 Ngf6 6. Nxf6+ Nxf6 7. h3 g6
8. O-O Bg7 9. d4 O-O 10. Bf4 b6 11. Re1 Bb7 12. Bb3 e6 13. c4 c5 14. Be5 cxd4
15. Nxd4 Nh5 16. Bxg7 Nxg7 17. Qg4 Qf6 18. Rad1 Rfd8 19. Nb5 Qxb2 20. Qg5 Rxd1
21. Rxd1 Ne8 22. Qe7 Be4 23. Nd4 Ng7 24. c5 bxc5 25. Qxc5 a5 26. Nc6 a4 27.
Ne7+ Kh8 28. Bxa4 Nf5 29. Nc8 Kg7 30. Nb6 Rb8 31. Bb3 Nh4 32. Qc7 Rb7 33. Qd8
Bxg2 34. Nd7 Rxd7 35. Qxd7 Bxh3 36. Qd4+ Qxd4 37. Rxd4 Nf3+ 0-1

[Event "XV C.to Mondiale seniores"]
[Site "Lignano Sabbiadoro ITA"]
[Date "2005.10.09"]
[Round "11"]
[White "Bitzer, Dieter"]
[Black "Zelkind, Simeon"]
[Result "1/2-1/2"]
[WhiteElo "2003"]
[BlackElo "1868"]
[PlyCount "163"]
[EventDate "2005.09.28"]

1. e4 e5 2. Nf3 Nf6 3. Nxe5 d6 4. Nf3 Nxe4 5. d3 Nf6 6. d4 d5 7. Bd3 Nc6 8. O-O
Be7 9. Bg5 O-O 10. c3 h6 11. Bf4 Bd6 12. Bxd6 Qxd6 13. Nbd2 Bg4 14. Qb3 a6 15.
Rae1 Bxf3 16. Nxf3 b5 17. Ne5 Na5 18. Qc2 Nc4 19. b3 Nb6 20. Re3 Rfe8 21. f4 c5
22. Qf2 cxd4 23. cxd4 Rac8 24. Rh3 Nbd7 25. g4 Ne4 26. Qh4 f6 27. Nxd7 Qxd7 28.
Bxe4 Rxe4 29. Rd3 b4 30. h3 Rc2 31. Ra1 Ree2 32. Qg3 Qe7 33. Qf3 Re1+ 34. Rxe1
Qxe1+ 35. Qf1 Qxf1+ 36. Kxf1 Rxa2 37. Ke1 Kf7 38. Re3 Rb2 39. Kd1 g6 40. Rf3 a5
41. Kc1 Re2 42. Kd1 Rh2 43. Ke1 Ke7 44. Re3+ Kd7 45. f5 gxf5 46. gxf5 Rb2 47.
Kf1 h5 48. Ke1 h4 49. Rf3 Kc6 50. Kd1 Kb5 51. Kc1 Re2 52. Kd1 Re4 53. Kd2 Rxd4+
54. Ke3 Re4+ 55. Kd3 a4 56. bxa4+ Kxa4 57. Rf1 Kb3 58. Rf2 Ka3 59. Rf1 b3 60.
Ra1+ Kb2 61. Ra6 Rc4 62. Rxf6 Kc1 63. Rd6 b2 64. Rxd5 Rc6 65. Rb5 b1=Q+ 66.
Rxb1+ Kxb1 67. Ke4 Rc8 68. Kf4 Rg8 69. f6 Kc2 70. f7 Rf8 71. Kg4 Rxf7 72. Kxh4
Kd3 73. Kg5 Ke4 74. h4 Ke5 75. h5 Rf1 76. Kg6 Rg1+ 77. Kf7 Rf1+ 78. Kg7 Rg1+
79. Kf7 Rh1 80. Kg6 Ke6 81. h6 Ke7 82. Kg7 1/2-1/2

[Event "XV C.to Mondiale seniores"]
[Site "Lignano Sabbiadoro ITA"]
[Date "2005.10.09"]
[Round "11"]
[White "Blaushtain, Boris"]
[Black "Titz, Herbert"]
[Result "1/2-1/2"]
[WhiteElo "2170"]
[BlackElo "2079"]
[PlyCount "139"]
[EventDate "2005.09.28"]

1. c4 Nf6 2. Nc3 e6 3. g3 c5 4. Bg2 Nc6 5. e4 e5 6. Nge2 Be7 7. O-O O-O 8. d3
d6 9. h3 Nd4 10. f4 Bd7 11. Be3 Ne8 12. f5 Bg5 13. Bf2 Nc7 14. Kh2 b5 15. h4
Be7 16. Be3 Rb8 17. b3 a5 18. Nd5 b4 19. Nxe7+ Qxe7 20. Bh3 f6 21. g4 Kf7 22.
Ng3 Ke8 23. g5 Rh8 24. Rg1 Kd8 25. gxf6 gxf6 26. Nh5 Ne8 27. Bh6 Kc7 28. Rc1
Kb6 29. Rg3 a4 30. Be3 Nc6 31. Bf1 Qf7 32. Be2 Rg8 33. Rxg8 Qxg8 34. Qd2 axb3
35. Rg1 Qf7 36. axb3 Ra8 37. Qb2 Bc8 38. Ra1 Rxa1 39. Qxa1 Qa7 40. Qxa7+ Kxa7
41. Bh6 Ne7 42. Bf8 Ng8 43. Kg3 Bd7 44. Kf2 Kb6 45. Ke1 Kc7 46. Kd2 Kd8 47. Bd1
Bc6 48. Ng3 Ne7 49. Ke3 Nc7 50. Bh5 Be8 51. Bd1 Bf7 52. Nh5 Ne8 53. Ng3 Nc6 54.
h5 Nd4 55. h6 Kd7 56. Kd2 Kd8 57. Kc1 Nc6 58. Kb2 Nb8 59. Bg7 Ke7 60. Be2 Na6
61. Kc1 Nac7 62. Kd2 Nxg7 63. hxg7 Ne8 64. Ke3 Nxg7 65. Kf2 Kf8 66. Kg2 Ne8 67.
Nh5 Bxh5 68. Bxh5 Nc7 69. Kg3 Na6 70. Bd1 1/2-1/2

[Event "XV C.to Mondiale seniores"]
[Site "Lignano Sabbiadoro ITA"]
[Date "2005.10.09"]
[Round "11"]
[White "Bue, Gunnar"]
[Black "Trifunovic, Dusan"]
[Result "0-1"]
[WhiteElo "1901"]
[BlackElo "2019"]
[PlyCount "74"]
[EventDate "2005.09.28"]

1. d4 d5 2. c4 e5 3. dxe5 dxc4 4. Qxd8+ Kxd8 5. e3 Nc6 6. Bxc4 Nxe5 7. Be2 Nf6
8. Nf3 Nxf3+ 9. Bxf3 c6 10. Nc3 Bb4 11. Bd2 Bg4 12. Bxg4 Nxg4 13. a3 Ba5 14. b4
Bc7 15. Ne4 a5 16. Bc3 Be5 17. O-O-O+ Kc7 18. Bxe5+ Nxe5 19. Kb2 axb4 20. axb4
Ra4 21. Rd4 b5 22. Nc3 Ra7 23. Ra1 Nc4+ 24. Kb1 Rxa1+ 25. Kxa1 g6 26. Ne4 Ra8+
27. Kb1 Ra4 28. Rxc4 bxc4 29. Ng5 Rxb4+ 30. Kc2 Ra4 31. Kc3 Ra2 32. Nh3 Ra4 33.
Ng5 Ra2 34. Nh3 Kd6 35. Kxc4 f5 36. Ng5 Rxf2 37. Nxh7 Rxg2 0-1

[Event "XV C.to Mondiale seniores"]
[Site "Lignano Sabbiadoro ITA"]
[Date "2005.10.09"]
[Round "11"]
[White "Cavatorta, Fosco"]
[Black "Thonig, Manfred"]
[Result "1-0"]
[WhiteElo "1985"]
[BlackElo "1836"]
[PlyCount "82"]
[EventDate "2005.09.28"]

1. e4 g6 2. d4 Bg7 3. Nc3 d6 4. Be3 Nd7 5. Qd2 a6 6. a4 h6 7. Nf3 b6 8. Be2 Bb7
9. h3 e6 10. O-O Ne7 11. Rfe1 c5 12. Rad1 d5 13. exd5 Nxd5 14. Nxd5 Bxd5 15.
dxc5 Nxc5 16. Qb4 Qc7 17. Bf4 Qb7 18. a5 Nd7 19. axb6 Qxb6 20. Qxb6 Nxb6 21.
Bc7 Nd7 22. c3 O-O 23. Ra1 Ra7 24. Bd6 Rc8 25. Ra5 Rc6 26. Bf4 g5 27. Be3 Ra8
28. Bb5 Rd6 29. Rd1 axb5 30. Rxa8+ Bxa8 31. Rxd6 Bxf3 32. gxf3 Ne5 33. Rb6
Nxf3+ 34. Kf1 e5 35. Rxb5 f5 36. Rd5 f4 37. Bc1 h5 38. b4 e4 39. b5 Bxc3 40. b6
Be5 41. Rxe5 Nxe5 1-0

[Event "XV C.to Mondiale seniores"]
[Site "Lignano Sabbiadoro ITA"]
[Date "2005.10.09"]
[Round "11"]
[White "Filzmaier, Bruno"]
[Black "Samarian, Cornel"]
[Result "1/2-1/2"]
[WhiteElo "1970"]
[BlackElo "1673"]
[PlyCount "112"]
[EventDate "2005.09.28"]

1. e3 g6 2. d4 d5 3. c4 e6 4. Nf3 Bg7 5. b4 c6 6. Bb2 Ne7 7. Nbd2 Nd7 8. Be2
O-O 9. O-O b6 10. Qb3 Kh8 11. a4 h6 12. a5 bxa5 13. Rxa5 Nb8 14. Rfa1 a6 15. c5
Bb7 16. Qc2 f5 17. Nb3 Qc8 18. R5a2 Qc7 19. Bc3 Kh7 20. g3 Rh8 21. Nc1 Rf8 22.
Nd3 Qc8 23. Nde5 Bf6 24. h4 Kg7 25. Kg2 Rh8 26. Rh1 Qe8 27. Raa1 Ng8 28. Rh2
Ne7 29. Rah1 Qg8 30. g4 Bxe5 31. Nxe5 Bc8 32. f4 fxg4 33. Bxg4 h5 34. Be2 Kf8
35. Kf3 Nd7 36. Bd3 Nxe5+ 37. dxe5 Nf5 38. Rg1 Rh6 39. Be1 Rh7 40. Rhg2 Rg7 41.
Qb1 Kf7 42. e4 Ne7 43. Bc3 dxe4+ 44. Bxe4 Bb7 45. Qb3 Kf8 46. Qd1 Nd5 47. Bxd5
cxd5 48. Bd4 Bc6 49. Qc2 Be8 50. Qa2 Qf7 51. Rg5 Kg8 52. Qa5 Qb7 53. Qb6 Qd7
54. Ra1 Qc6 55. Rgg1 Kh7 56. Rgb1 Rb7 1/2-1/2

[Event "XV C.to Mondiale seniores"]
[Site "Lignano Sabbiadoro ITA"]
[Date "2005.10.09"]
[Round "11"]
[White "Fotland, Hans Christian"]
[Black "Sevenyuk, Alexey"]
[Result "1/2-1/2"]
[WhiteElo "2131"]
[BlackElo "1836"]
[PlyCount "103"]
[EventDate "2005.09.28"]

1. d4 e6 2. c4 Nf6 3. Nc3 b6 4. Nf3 Bb7 5. Qc2 c5 6. e3 Nc6 7. a3 d5 8. cxd5
exd5 9. Bd3 a6 10. O-O Bd6 11. Bd2 c4 12. Bf5 g6 13. Bh3 O-O 14. g3 Re8 15. Bg2
b5 16. b4 Bc8 17. Nh4 Be6 18. Rad1 Qd7 19. f4 Rad8 20. f5 gxf5 21. Nxf5 Bc7 22.
Bc1 Kh8 23. Nh4 Ng4 24. Rf3 Rg8 25. Rdf1 Qe7 26. Bh3 Qxh4 27. gxh4 Nxe3+ 28.
Qg2 Nxg2 29. Bxg2 Nxd4 30. R3f2 Be5 31. Bg5 Rde8 32. Re1 Bg7 33. Nxd5 Bxd5 34.
Rxe8 Rxe8 35. Bxd5 f5 36. Bb7 h6 37. Bd2 Nb3 38. Kf1 Nxd2+ 39. Rxd2 c3 40. Re2
Rxe2 41. Kxe2 c2 42. Kd2 Bb2 43. Kxc2 Bxa3 44. Bxa6 Bxb4 45. Bxb5 Kg7 46. Kd3
Kf6 47. Ke3 Be1 48. h5 Kg5 49. Be2 f4+ 50. Kf3 Bd2 51. Kg2 Kh4 52. Bf3 1/2-1/2

[Event "XV C.to Mondiale seniores"]
[Site "Lignano Sabbiadoro ITA"]
[Date "2005.10.09"]
[Round "11"]
[White "Ginsberger, Alexander"]
[Black "Tavcar, Rado"]
[Result "1-0"]
[WhiteElo "2276"]
[BlackElo "2110"]
[PlyCount "105"]
[EventDate "2005.09.28"]

1. e4 e5 2. Nf3 Nc6 3. Bb5 a6 4. Ba4 Nf6 5. Bxc6 dxc6 6. d3 Bg4 7. h3 Bxf3 8.
Qxf3 Bd6 9. Nd2 Nd7 10. O-O Qf6 11. Qg3 Qg6 12. Qxg6 hxg6 13. Nc4 Ke7 14. Na5
Rab8 15. f4 f6 16. c3 exf4 17. Bxf4 Bxf4 18. Rxf4 Rhe8 19. d4 g5 20. Rf3 Ke6
21. b4 Nf8 22. Re1 Kd7 23. Kf2 Ng6 24. g3 Re7 25. Rf5 b6 26. Nc4 Rbe8 27. Nd2
Re6 28. a4 Rh8 29. Kg2 Rhe8 30. a5 Kc8 31. Ra1 Kb7 32. Ra2 Nf8 33. Rf1 Nd7 34.
h4 gxh4 35. gxh4 Rh8 36. Rh1 Rh5 37. Rh3 Nf8 38. Kg3 Re7 39. Ra1 g6 40. axb6
cxb6 41. Rf1 Nd7 42. Rf2 Reh7 43. Rhh2 Kc7 44. Nf3 Kd6 45. Ra2 Re7 46. Kf4 a5
47. bxa5 bxa5 48. c4 Kc7 49. c5 g5+ 50. hxg5 fxg5+ 51. Nxg5 Rxg5 52. Kxg5 Rxe4
53. Rh7 1-0

[Event "XV C.to Mondiale seniores"]
[Site "Lignano Sabbiadoro ITA"]
[Date "2005.10.09"]
[Round "11"]
[White "Gruzmann, Boris"]
[Black "Strenzwilk, Denis"]
[Result "1/2-1/2"]
[WhiteElo "2278"]
[BlackElo "2104"]
[PlyCount "104"]
[EventDate "2005.09.28"]

1. e4 c5 2. Nf3 Nc6 3. d4 cxd4 4. Nxd4 Nf6 5. Nc3 d6 6. Bg5 e6 7. Qd2 a6 8.
O-O-O h6 9. Be3 Be7 10. f3 Nxd4 11. Bxd4 b5 12. Qf2 Qc7 13. Kb1 Rb8 14. Ba7 Rb7
15. Be3 Bd7 16. Bd3 Bc6 17. Qg3 g6 18. Rhe1 e5 19. Bf1 Kf8 20. Qf2 b4 21. Nd5
Nxd5 22. exd5 Bb5 23. Qd2 Kg7 24. f4 Bf6 25. fxe5 Bxe5 26. Bd4 f6 27. Bxe5 fxe5
28. Bxb5 Rxb5 29. Rf1 Qe7 30. b3 Rf8 31. Qd3 Rxf1 32. Rxf1 Rc5 33. Qe4 a5 34.
Rf3 Rc8 35. h4 Rf8 36. h5 Rf6 37. a3 bxa3 38. Ka2 Qf7 39. Kxa3 Rxf3 40. gxf3
gxh5 41. Qc4 Qxf3 42. Qc7+ Qf7 43. Qxa5 h4 44. Qa4 Qxd5 45. Qg4+ Kh8 46. Qxh4
Qe6 47. b4 e4 48. b5 e3 49. b6 e2 50. b7 Qe3+ 51. Kb2 Qb6+ 52. Kc1 Qe3+ 1/2-1/2

[Event "XV C.to Mondiale seniores"]
[Site "Lignano Sabbiadoro ITA"]
[Date "2005.10.09"]
[Round "11"]
[White "Guaglianone, Mario"]
[Black "Mayers, Dan E."]
[Result "1-0"]
[WhiteElo "2155"]
[BlackElo "2011"]
[PlyCount "107"]
[EventDate "2005.09.28"]

1. Nf3 Nf6 2. g3 c5 3. Bg2 Nc6 4. O-O e5 5. c4 d5 6. cxd5 Nxd5 7. Nc3 Be7 8.
Nxe5 Nxc3 9. Nxc6 Nxd1 10. Nxd8 Nxf2 11. Nxf7 Nh3+ 12. Kh1 Rf8 13. Ne5 Nf2+ 14.
Kg1 Nh3+ 15. Bxh3 Bxh3 16. Rxf8+ Kxf8 17. d3 Bf6 18. Nf3 Bg4 19. Kf2 Kg8 20.
Be3 Rc8 21. Rc1 b6 22. b3 Rf8 23. Rc2 g5 24. Kg2 Re8 25. Bc1 Bh5 26. e4 Rd8 27.
Ne1 g4 28. Be3 Bg6 29. Kf2 h5 30. Ke2 Kg7 31. Ng2 Bf7 32. Bf4 Bd4 33. Be3 Be5
34. Bc1 Kf6 35. Bb2 Bxb2 36. Rxb2 Ke5 37. Ke3 Rd4 38. Rf2 Be8 39. Rf5+ Kd6 40.
Nf4 Bb5 41. Rxh5 a5 42. Rd5+ Rxd5 43. Nxd5 Kc6 44. Nf6 a4 45. Nxg4 a3 46. Nf2
Ba6 47. Kd2 Bc8 48. Kc3 b5 49. g4 Kd6 50. b4 Be6 51. bxc5+ Kxc5 52. d4+ Kd6 53.
d5 Bd7 54. Kd4 1-0

[Event "XV C.to Mondiale seniores"]
[Site "Lignano Sabbiadoro ITA"]
[Date "2005.10.09"]
[Round "11"]
[White "Hasberger, Walter"]
[Black "Bernhoeft, Erhard"]
[Result "1/2-1/2"]
[WhiteElo "1975"]
[BlackElo "2079"]
[PlyCount "33"]
[EventDate "2005.09.28"]

1. e4 c5 2. Nf3 Nc6 3. d4 cxd4 4. Nxd4 Qb6 5. Nb3 e6 6. Be3 Qc7 7. Qd2 Nf6 8.
f3 d5 9. exd5 Nxd5 10. c3 Nxe3 11. Qxe3 Bd6 12. g3 O-O 13. N1d2 b6 14. O-O-O
Bb7 15. Kb1 Rad8 16. Bd3 Ne7 17. Be4 1/2-1/2

[Event "XV C.to Mondiale seniores"]
[Site "Lignano Sabbiadoro ITA"]
[Date "2005.10.09"]
[Round "11"]
[White "Haug, Sverre"]
[Black "Cleal, John"]
[Result "1/2-1/2"]
[WhiteElo "1924"]
[BlackElo "2035"]
[PlyCount "32"]
[EventDate "2005.09.28"]

1. Nf3 Nf6 2. d4 c5 3. c4 cxd4 4. Nxd4 e5 5. Nb3 b5 6. cxb5 d5 7. Bg5 Bb7 8. e3
Nbd7 9. Nc3 Be7 10. Be2 O-O 11. O-O h6 12. Bh4 Re8 13. Bg3 Rc8 14. Rc1 Bf8 15.
Qd2 Bb4 16. a3 Ne4 1/2-1/2

[Event "XV C.to Mondiale seniores"]
[Site "Lignano Sabbiadoro ITA"]
[Date "2005.10.09"]
[Round "11"]
[White "Hohler, Peter"]
[Black "Giani, Franco"]
[Result "1-0"]
[WhiteElo "2228"]
[BlackElo "2083"]
[PlyCount "143"]
[EventDate "2005.09.28"]

1. d4 c5 2. dxc5 Qa5+ 3. Nd2 Qxc5 4. Nb3 Qc7 5. e4 Nf6 6. Bd3 Nc6 7. c3 e6 8.
Nf3 Be7 9. O-O O-O 10. Bg5 h6 11. Bh4 d6 12. h3 e5 13. Ne1 Nh7 14. Bg3 Be6 15.
Nc2 Rad8 16. Ne3 Nf6 17. c4 b6 18. Rc1 Qb7 19. Nd5 Nd7 20. Bb1 Bg5 21. Nd2 Rde8
22. h4 Bd8 23. f3 Ne7 24. Bf2 Ng6 25. g3 f6 26. h5 Ne7 27. g4 Nb8 28. Re1 Nec6
29. Nf1 Na6 30. a3 Nab8 31. b4 Qf7 32. Ng3 Kh8 33. Kg2 Rg8 34. Qd2 Nd7 35. Red1
Nf8 36. Qd3 Nh7 37. Be1 Ng5 38. Bc3 Qd7 39. Ne3 Bc7 40. Ngf5 Rd8 41. Bc2 Qf7
42. Nd5 Bxf5 43. exf5 Rge8 44. Qe3 Bb8 45. Be4 Nxe4 46. fxe4 Qb7 47. b5 Ne7 48.
Nb4 Rc8 49. Be1 Rcd8 50. Rd3 Qc8 51. Kf3 Rd7 52. Kg3 Red8 53. Qd2 Qb7 54. Nd5
Rc8 55. a4 Nxd5 56. cxd5 Rxc1 57. Qxc1 Rc7 58. Rc3 Rxc3+ 59. Qxc3 Qc7 60. Qc6
Qxc6 61. dxc6 Bc7 62. Kf3 Kg8 63. Ke3 Kf7 64. Kd3 Ke7 65. Kc4 Bb8 66. Kd5 Bc7
67. Bb4 Bb8 68. c7 Bxc7 69. Kc6 Bd8 70. Bxd6+ Ke8 71. Bb8 Be7 72. Bxa7 1-0

[Event "XV C.to Mondiale seniores"]
[Site "Lignano Sabbiadoro ITA"]
[Date "2005.10.09"]
[Round "11"]
[White "Jacob, Konrad"]
[Black "Harito, Roberto"]
[Result "0-1"]
[WhiteElo "2049"]
[BlackElo "1733"]
[PlyCount "120"]
[EventDate "2005.09.28"]

1. e4 c6 2. d4 d5 3. e5 Bf5 4. Bd3 Bxd3 5. Qxd3 e6 6. Ne2 c5 7. c3 Nc6 8. O-O
h6 9. Nd2 cxd4 10. cxd4 Nge7 11. Ng3 Qb6 12. Nf3 Nb4 13. Qb3 Nec6 14. Be3 Be7
15. a3 Na6 16. Qxb6 axb6 17. b4 Nc7 18. Rfc1 Kd7 19. Ne2 b5 20. Bd2 Ra6 21. Bc3
g5 22. Ne1 f6 23. exf6 Bxf6 24. Nd3 b6 25. Bb2 Rc8 26. Rc2 Ne8 27. Rac1 Nd6 28.
Ne5+ Bxe5 29. dxe5 Nc4 30. Nd4 Nxd4 31. Bxd4 Rf8 32. g3 Rf3 33. a4 Rxa4 34.
Bxb6 Rxb4 35. Bc5 Ra4 36. Kg2 g4 37. h3 h5 38. hxg4 hxg4 39. Bd6 b4 40. Rxc4
dxc4 41. Rxc4 Ra2 42. Bc5 b3 43. Rxg4 Rd3 44. Rb4 b2 45. Bd4 Rd2 46. Bc3 Rxf2+
47. Kh3 Rc2 48. Bd4 Kc6 49. g4 Kd5 50. Kh4 b1=Q 51. Rxb1 Kxd4 52. Rb5 Rc5 53.
Rxc5 Kxc5 54. g5 Kd5 55. Kh5 Kxe5 56. Kg6 Kf4 57. Kf6 e5 58. g6 Ra6+ 59. Kf7
Rxg6 60. Kxg6 e4 0-1

[Event "XV C.to Mondiale seniores"]
[Site "Lignano Sabbiadoro ITA"]
[Date "2005.10.09"]
[Round "11"]
[White "Jadrijevic, Ante"]
[Black "Profaizer, Gino"]
[Result "1-0"]
[WhiteElo "2174"]
[BlackElo "2017"]
[PlyCount "63"]
[EventDate "2005.09.28"]

1. d4 d5 2. c3 Nf6 3. Bf4 e6 4. Nd2 Be7 5. e3 O-O 6. Bd3 Nbd7 7. Ngf3 c5 8. Ne5
Nxe5 9. Bxe5 Nd7 10. Bf4 Re8 11. Nf3 Bf6 12. O-O e5 13. dxe5 g5 14. exf6 gxf4
15. exf4 Nxf6 16. Ne5 Re7 17. Qf3 Qf8 18. Qg3+ Qg7 19. Qh4 Re6 20. Rfe1 Ne8 21.
Re3 Rh6 22. Qe7 Qf8 23. Rg3+ Ng7 24. Qg5 Rb6 25. Re1 h6 26. Qh4 Kh8 27. Nxf7+
Qxf7 28. Qd8+ Qg8 29. Qxg8+ Kxg8 30. Re7 Kf8 31. Rgxg7 Re6 32. Rgf7+ 1-0

[Event "XV C.to Mondiale seniores"]
[Site "Lignano Sabbiadoro ITA"]
[Date "2005.10.09"]
[Round "11"]
[White "Jakobsen, Ole"]
[Black "Villing, Dieter"]
[Result "1-0"]
[WhiteElo "2385"]
[BlackElo "2259"]
[PlyCount "77"]
[EventDate "2005.09.28"]

1. d4 d6 2. Nf3 Bg4 3. c4 c6 4. Nc3 Nf6 5. e4 Nbd7 6. Be2 e5 7. Be3 Be7 8. O-O
O-O 9. d5 Nc5 10. Nd2 Bxe2 11. Qxe2 cxd5 12. cxd5 Rc8 13. Rfc1 Qd7 14. a4 Nxa4
15. Nxa4 Rxc1+ 16. Rxc1 Qxa4 17. Qc4 Qxc4 18. Rxc4 Bd8 19. Bxa7 Ba5 20. Nb3 b5
21. Rc6 Bb4 22. f3 Ne8 23. Rb6 Nc7 24. Bb8 Na6 25. Bxd6 Bxd6 26. Rxd6 Nb4 27.
Nc5 f5 28. Rb6 fxe4 29. fxe4 Nc2 30. Ne6 Ra8 31. Rxb5 Ra1+ 32. Kf2 Rd1 33. Rb8+
Kf7 34. Ng5+ Kg6 35. Nf3 Nd4 36. Nxe5+ Kf6 37. Nf3 Nxf3 38. gxf3 Rd2+ 39. Kg3
1-0

[Event "XV C.to Mondiale seniores"]
[Site "Lignano Sabbiadoro ITA"]
[Date "2005.10.09"]
[Round "11"]
[White "Karasev, Vladimir I."]
[Black "Hecht, Hans-Joachim"]
[Result "1/2-1/2"]
[WhiteElo "2390"]
[BlackElo "2388"]
[PlyCount "81"]
[EventDate "2005.09.28"]

1. Nf3 Nf6 2. g3 b6 3. Bg2 Bb7 4. O-O e6 5. d3 d5 6. Nbd2 Be7 7. e4 dxe4 8.
dxe4 O-O 9. Qe2 a5 10. e5 Nd5 11. Rd1 Nd7 12. Ne4 Qc8 13. c4 Nb4 14. h4 Nc5 15.
Nxc5 Bxc5 16. a3 Nc6 17. Ng5 h6 18. Ne4 Nd4 19. Qg4 Nf5 20. b3 Kh8 21. Rb1 Rd8
22. Rxd8+ Qxd8 23. Ng5 hxg5 24. Bxb7 Rb8 25. Bxg5 Qd4 26. Qf3 Rxb7 27. Rd1
Qxf2+ 28. Qxf2 Bxf2+ 29. Kxf2 c5 30. Be3 Kh7 31. g4 Nxe3 32. Kxe3 a4 33. b4
cxb4 34. axb4 a3 35. Ra1 Ra7 36. Kd4 a2 37. Kc3 f5 38. exf6 gxf6 39. Kb2 f5 40.
gxf5 exf5 41. Rxa2 1/2-1/2